Drapeaux combinés #2 - Statistiques

Statistiques générales
  • Ce quiz a été pris 48 fois
  • Le résultat moyen est 11 sur 20
Statistiques - réponses
Par images Réponse % Correct
Burundi - Tunisie
86%
Bahreïn - Malte
83%
Suisse - Haïti
83%
Mongolie - Pérou
79%
Chypre - Kosovo
74%
Macédoine du Nord - Japon
74%
Eswatini - Kenya
69%
Kazakhstan - Palaos
69%
Slovaquie - Slovénie
62%
Niger - Inde
57%
Equateur - Venezuela
55%
Autriche - Lettonie
50%
Cameroun - Sénégal
50%
Vatican - Liechtenstein
48%
Croatie - Serbie
43%
Saint-Vincent et les Grenadines - Barbade
40%
Libéria - Etats-Unis
36%
Arménie - Ukraine
29%
Samoa - Australie
19%
Cap-Vert - Europe
10%
Aucun quiz correspondant
Distribution des résultats
% des personnes avec chaque résultat
Percentile par nombre de réponses
Votre historique - résultats
Vous n’avez pas pris ce quiz